Sobre la unidad de las fuerzas de izquierda en Costa Rica
Збережено в:
| Співавтор: | |
|---|---|
| Формат: | Текст |
| Опубліковано: |
s.n.t. :
|
| Теги: |
Додати тег
Немає тегів, Будьте першим, хто поставить тег для цього запису!
|
MARC
| LEADER | 00000 a a2200000 04500 | ||
|---|---|---|---|
| 001 | 15914 | ||
| 003 | |||
| 040 | |||
| 090 | |a 015300 | ||
| 110 | |a Partido Socialista Costarricense. Comisión Política | ||
| 245 | |a Sobre la unidad de las fuerzas de izquierda en Costa Rica | ||
| 260 | |a s.n.t. : | ||
| 300 | |a 10 p. | ||
| 999 | |c 2412 |d 2412 | ||
